|
|
|
|
| LEADER |
00797nam a22002291a 4500 |
| 020 |
|
|
|a 9780199211869
|c 0.00
|
| 040 |
|
|
|a SSUS - Library - Kalady
|
| 082 |
|
|
|a 940.531 8
|b PET/O
|
| 100 |
|
|
|a Peter Hayes (ed.)
|
| 245 |
|
|
|a The oxford handbook of Holocaust studies
|h [Text]
|
| 260 |
|
|
|a Oxford
|b Oxford University Press
|c 2010
|
| 300 |
|
|
|a 776p.
|
| 600 |
|
|
|a History
|
| 600 |
|
|
|a History Europe
|
| 600 |
|
|
|a History Europe Holocaust Period
|
| 600 |
|
|
|a Holocaust Studies
|
| 600 |
|
|
|a Holocaust Period 1933-1945
|
| 700 |
|
|
|a John K Roth (ed.)
|
| 852 |
|
|
|k Reference
|h 940.531 8
|i PET/O
|p 061718
|9 3950.00
|t 0
|
| 942 |
|
|
|c REF
|
| 999 |
|
|
|c 32823
|d 32823
|
| 952 |
|
|
|0 0
|1 0
|4 0
|6 R_940_531000000000000_8_PET_O
|7 0
|9 47559
|a SSUS
|b SSUS
|d 2015-01-08
|g 3950.00
|o R 940.531 8 PET/O
|p 061718
|r 2015-01-08
|v 0.00
|w 2015-01-08
|y REF
|